000 00282nam a2200121Ia 4500
005 20260326100036.0
008 260326s9999||||xx |||||||||||||| ||und||
100 _aSorre, Max
245 0 _aEl Paisaje Urbano /
_cMax Sorre
260 _bEdiciones 3
650 _aURBANISMO
942 _cBK
999 _c6790
_d6790